Auswanderungen Tschechien - Statistiken

Allgemein
  • Dieses Quiz wurde 60 mal gespielt
  • Das Durchschnittsergebnis liegt bei 10 aus 12
Antwortstatistiken
Platz Land Anzahl % Korrekt
2. Deutschland 503.000
100%
1. Vereinigte Staaten 1.462.000
98%
5. Österreich 65.000
95%
11. Italien 11.000
91%
3. Kanada 104.585
91%
10. Frankreich 15.000
89%
6. Vereinigtes Königreich 45.000
89%
11. Russland 11.000
88%
4. Slowakei 89.000
88%
9. Schweiz 16.000
82%
8. Australien 23.000
73%
6. Serbien 45.000
45%
Keine übereinstimmenden Quizze gefunden
Verteilung der Resultate
Anzahl Personen mit jedem Resultat
Perzentil nach korrekt beantworteten Fragen
Ihre Resultats-Entwicklung
Sie haben dieses Quiz noch nicht gespielt